Estadísticas para Ríos más caudalosos de América del Sur

Haz click aquí para tomar la prueba!

Estadísticas generales

  • Esta prueba ha sido tomada 179 veces
  • La puntuación promedio es 4 de 14

Estadísticas de respuestas

Respuestam3Países de su cuenca% Correcto
Amazonas-Ucayali-Apurimac219,000Brasil, Perú, Bolivia, Ecuador, Colombia, Venezuela, Guyana
100%
Paraná-de la Plata18,000Brasil, Argentina, Paraguay, Bolivia, Uruguay
74%
Orinoco33,000Venezuela, Colombia, Guyana
63%
Paraguay4,300Brasil, Praguay, Bolivia, Argentina
42%
Negro26,700Brasil, Venezuela, Colombia
38%
Madeira-Mamoré-Grande-Caine-Rocha31,200Brasil, Bolivia, Perú
23%
Magdalena9,000Colombia
22%
Tocantins-Araguaia13,598Brasil
10%
Purús8,400Brasil, Perú
6%
Araguaiá5,510Brasil
3%
Madre de Dios4,915Perú, Bolivia
2%
Beni8,900Bolivia
1%
Japurá6,000Brasil, Colombia
1%
Juruá6,000Perú, Brasil
1%

Distribución de puntuación

Porcentaje por número respondido

Porcentaje de gente con cada puntuación

Historial de tus puntuaciones

No has tomado esta prueba